1558 1712 1545 1513 1408 1087 1742 1495 1143 1754 1035 1792 1911 1994 1754 1432 1450 1304 1398 1750 1234 1067 1990 1084 1202 1063 1929 1789 1817 1308 1403 1883 1885 1849 1003 1089 1434 1215 1718 1556 1138 1157 1474 1906 1729 1862 1955 1986 1931 1121 1431 1173 1366 1290 1689 1003 1466 1894 1106 1230 1013 1967 1836 1807 1786 1702 1138 1083 1264 1588 1219 1781 1752 1625 1474 1694 1948 1456 1613 1551 1190 1617 1128 1833 1073 1346 1012 1979 1801 1623 1460 1764 1978 1191 1482 1989 1995 1000 1305 BCNSPRNW ULIB Ver.6.0+V

เปลี่ยนเป็นภาษาไทย

Change to English
 แสดงรายละเอียดบรรณานุกรม
  กลับหน้าหลัก

Brief Record : Get Marc (ISO 2709) : E-mail record : QR code < ปิดหน้าต่าง
LEADER : 00000nam 2200000uu 4500
001    13399123964
003     ULIB
008    141217s2556||||th 000 0 tha d
020    ^a9786167410050
060 04 ^aWE348^bก125ป
100 0  ^aกนกอร บุญพิทักษ์
245 10 ^aปวดเข่า เข่าเสื่อมการดูแลรักษาและการป้องกัน /^cกนกอร บุญพิทักษ์^d
246 31 ^aโรคข้อเข่าเสื่อม
260    ^aกรุงเทพฯ :^bFeel good Publishing,^c2556.
300    ^a192 หน้า :^bภาพประกอบ ;^c21 ซม.
650  4 ^aกระดูกและข้ออักเสบ
650  4 ^aข้อเสื่อม
650  4 ^aข้อเข่า
945    ^p155^l0^i037335
945    ^p155^l0^i037336
945    ^p155^l0^i037337
999    ^aเกษร โพธิ์สุวรรณ
รายการนี้ยังไม่มีแท็ก
คุณยังไม่ได้ล็อกอิน คุณสามารถมีกิจกรรมร่วมกับเว็บไซต์ได้ แต่ต้องล็อกอินก่อน ::
  ล็อกอิน

รายการสื่อสารสนเทศ

ลำดับที่ ประเภท เลขเรียก/บาร์โค้ด สถานที่ สถานะ
1. วิทยาศาสตร์การแพทย์ และสุขภาพ
หนังสือสำรอง
สถานะ=หนังสือสำรอง
WE348 ก125ป ฉ.1 
  Barcode: 037335
ห้องสมุดวิทยาเขตสวรรค์ประชารักษ์
►ส่วนจัดเก็บหนังสือเก่า สปร
บนชั้น
  ขอยืม
2. วิทยาศาสตร์การแพทย์ และสุขภาพ
วิทยาศาสตร์การแพทย์ และสุขภาพ
WE348 ก125ป ฉ.2 
  Barcode: 037336
ห้องสมุดวิทยาเขตสวรรค์ประชารักษ์
►หนังสือทั่วไป
บนชั้น
3. วิทยาศาสตร์การแพทย์ และสุขภาพ
วิทยาศาสตร์การแพทย์ และสุขภาพ
WE348 ก125ป ฉ.3 
  Barcode: 037337
ห้องสมุดวิทยาเขตสวรรค์ประชารักษ์
►ส่วนจัดเก็บหนังสือเก่า สปร
บนชั้น
  ขอยืม

รายการใกล้เคียง
    ผู้แต่ง [กนกอร บุญพิทักษ์]

    หัวเรื่อง [กระดูกและข้ออักเสบ]
    หัวเรื่อง [ข้อเสื่อม]
    หัวเรื่อง [ข้อเข่า]

BibComment


ยังไม่เคยถูกคอมเมนท์

คอมเมนท์ทรัพยากรรายการนี้
  คอมเมนท์: ปวดเข่า เข่าเสื่..


 Copyright 2026. Bcnsprnw @Library